Island Countries By The Closest Non-island Country - Statistics

General Stats
  • This quiz has been taken 14 times
  • The average score is 44 of 47
Answer Stats
Hint Answer % Correct
Venezuela Antigua and Barbuda
100%
Mexico Cuba
100%
France Ireland
100%
Honduras Jamaica
100%
South Korea Japan
100%
Mozambique Madagascar
100%
Mozambique Mauritius
100%
Malaysia New Zealand
100%
Malaysia Philippines
100%
Mozambique Seychelles
100%
Malaysia Singapore
100%
India Sri Lanka
100%
China Taiwan
100%
Venezuela Trinidad and Tobago
100%
France United Kingdom
100%
Qatar Bahrain
92%
Venezuela Barbados
92%
Malaysia Brunei
92%
Mozambique Comoros
92%
Turkey Cyprus
92%
Venezuela Dominica
92%
Colombia Dominican Republic
92%
Malaysia East Timor
92%
Malaysia Fiji
92%
Venezuela Grenada
92%
Colombia Haiti
92%
United Kingdom Iceland
92%
Malaysia Indonesia
92%
Malaysia Kiribati
92%
India Maldives
92%
Italy Malta
92%
Malaysia Marshall Islands
92%
Malaysia Micronesia
92%
Malaysia Nauru
92%
Malaysia Palau
92%
Malaysia Papua New Guinea
92%
Venezuela Saint Lucia
92%
Malaysia Samoa
92%
Gabon Sao Tomé and Príncipe
92%
Malaysia Solomon Islands
92%
Venezuela St. Kitts and Nevis
92%
Venezuela St. Vincent and the Grenadines
92%
United States The Bahamas
92%
Malaysia Tonga
92%
Malaysia Tuvalu
92%
Malaysia Vanuatu
92%
Senegal Cabo Verde
67%
No matching quizzes found
Score Distribution
Percent of People with Each Score
Percentile by Number Answered
Your Score History
You have not taken this quiz